| Поле | Название | Значение |
| |
Тип записи |
i |
| |
Библиографический уровень |
m |
| 001 |
Контрольный номер |
LIBNET\0000687037 |
| 005 |
Дата корректировки |
20201206205133.4 |
| 010 |
Индекс ISBN |
__ |
| d |
Цена |
295-69 |
| 100 |
Данные общей обработки |
__ |
| a |
Данные общей обработки |
19160815d2015||||||| 0rusy0189 ca |
| 101 |
Язык документа |
1_ |
| a |
Язык текста |
rus |
| c |
Язык оригинала |
eng |
| 102 |
Страна публикации |
__ |
| a |
Страна публикации |
ru |
| 102 |
Страна публикации |
__ |
| a |
Страна публикации |
RU |
| 105 |
Кодированные данные (монография) |
__ |
| a |
Кодированные данные (монография) |
nnn||||||f|zy |
| 127 |
Кодированные данные (звукозаписи-физические характеристики) |
__ |
| a |
Продолжительность проигрывания |
170000 |
| 200 |
Заглавие и сведения об ответственности |
1_ |
| a |
Заглавие |
Лунный камень |
| e |
Сведения, относящиеся к заглавию |
[аудиокнига] |
| f |
Первые сведения об ответственности |
Уилки Коллинз ; [читает Сергей Чонишвили ; продюсер: Владимир Воробьев ; перевод: В. Ильина, Д. Тернов] |
| b |
Общее обозначение материала |
Звукозапись |
| 210 |
Выходные данные |
__ |
| a |
Место издания |
Москва |
| c |
Издательство |
Союз |
| c |
Издательство |
Покидышевъ и сыновья |
| d |
Дата издания |
2015 |
| 215 |
Физическое описание |
__ |
| a |
Объем |
2 электрон. опт. диска (Audio CD) |
| c |
Иллюстрации/тип воспроизводства |
mp3, 128 кБит/сек, 44,1 кГц, stereo |
| d |
Формат |
12x14 см |
| 225 |
Серия |
__ |
| a |
Серия |
Золотая библиотека детектива |
| 230 |
Специфическая характеристика материала: электронные ресурсы |
__ |
| a |
Обозначение и объем ресурса |
Электронные звуковые данные |
| 300 |
Общие примечания |
__ |
| a |
Общие примечания |
Заглавие с этикетки диска |
| 323 |
Примечание о главных создателях, исполнителях, участниках |
__ |
| a |
Примечание о главных создателях, исполнителях, участниках |
Чонишвили, С. |
| 330 |
Аннотация |
__ |
| a |
Аннотация |
Самый известный роман величайшего детективного автора всех времен и народов - англичанина Уильяма Вилки Коллинза. Это произведение со времени написания явилось классикой стиля детектива. По оценкам специалистов оно является самым длинным и самым лучшим детективным романом в английской литературе. Законы, по которым построен роман на долгие годы стали обязательными для создателей произведений в этом жанре. Более того, роман весьма реалистично представляет бытие и психологические портреты главных персонажей викторианского общества. |
| 337 |
Примечание о системных требованиях (электронные ресурсы) |
__ |
| a |
Примечание о системных требованиях (электронные ресурсы) |
Системные требования: CD-плеер с поддержкой MP3 или Pentium-233 c Windows 9x-XP ; CD-ROM ; звуковая карта |
| 606 |
Тематические рубрики |
__ |
| a |
Основная рубрика |
Художественная литература |
| 606 |
Тематические рубрики |
__ |
| a |
Основная рубрика |
Литература Европы (произведения) |
| y |
Географическая подрубрика |
Англия |
| y |
Географическая подрубрика |
Великобритания |
| 610 |
Ключевые слова |
__ |
| a |
Ключевые слова |
английская литература |
| a |
Ключевые слова |
детективные романы |
| a |
Ключевые слова |
детективы |
| a |
Ключевые слова |
приключенческие романы |
| a |
Ключевые слова |
романы |
| a |
Ключевые слова |
тема приключений |
| a |
Ключевые слова |
тема расследований |
| a |
Ключевые слова |
тема сокровищ |
| 686 |
Индексы других классификаций |
__ |
| 2 |
Код системы |
rubbks |
| a |
Классификационный индекс |
84(4Вел)52-445я04 |
| 700 |
Автор |
_1 |
| a |
Фамилия |
Коллинз |
| b |
Имя |
У. У. |
| f |
Даты |
1824-1889 |
| g |
Полное личное имя |
Уильям Уилки |
| 4 |
Код отношения |
070 |
| 702 |
Вторичная интеллектуальная ответственность |
_1 |
| a |
Фамилия |
Воробьев |
| b |
Имя |
В. |
| 4 |
Код отношения |
Продюсер |
| 4 |
Код отношения |
570 |
| 702 |
Вторичная интеллектуальная ответственность |
_1 |
| a |
Фамилия |
Ильина |
| b |
Имя |
В. |
| 4 |
Код отношения |
Переводчик |
| 4 |
Код отношения |
730 |
| 702 |
Вторичная интеллектуальная ответственность |
_1 |
| a |
Фамилия |
Тернов |
| b |
Имя |
Д. |
| 4 |
Код отношения |
Переводчик |
| 4 |
Код отношения |
730 |
| 801 |
Источник записи |
_0 |
| a |
Страна |
ru |
| b |
Организация |
Новосибирская ГОНБ |
| c |
Дата составления |
20160815 |
| g |
Правила каталогизации |
rpk |
| 801 |
Источник записи |
_2 |
| a |
Страна |
ru |
| b |
Организация |
Муниципальное бюджетное учреждение культуры "Централизованная библиотечная система" г. Сургут (Центральная городская библиотека им. А. С. Пушкина) |
| c |
Дата составления |
20160815 |
| 852 |
Данные о местонахождении |
__ |
| j |
Шифр хранения |
84(4Вел)52-445я04 |
| i |
Авторский знак |
К 60 |
| 901 |
Тип документа |
__ |
| t |
Тип документа |
m |
| a |
Ответственный |
КиК/Лукашук |
| 903 |
Характеристики (МАРС) |
__ |
| a |
Дата передачи |
20180621 |
| 969 |
Тип издания |
__ |
| a |
Тип издания |
аудиокнига; издание для слепых |
| 990 |
Данные о заказе (DOS) |
__ |
| j |
Количество экземпляров (DOS) |
2 |
| t |
N записи в КСУ для И/У (DOS) |
201806 |